000 00878nam a2200289Ia 4500
001 Para_8315
003 CHAP
008 220125s1914 xx 000 0 und d
010 _a207190
040 _cCHAP
082 _aPA-C 595.752 A6
100 _aDavis, J. J.
_9167203
245 _aThe oat aphis /
_c by J.J. Davis
260 _aWashington :
_b USDA
300 _a16 p.
440 _aAphidae; 10 Bulletin of the USDA; 112
_9173694
500 _aEncuadernado con otros impresos similares
650 _a
_x Afididos
_x Colecciones de escritos
_x Avena
_x plagas
_x Aphis avena
_9173695
710 _aEUA. Department of Agriculture / Bulletin of the USDA; 112
_9173696
901 _aPA-C 595.752 A6
902 _aA
905 _a0000001914 0000000000 00
910 _a1914
942 _cPARA
942 _cPARA
_d1
999 _c207190
_d207190